000
00207nam a2200085Ia 4500
008
120527s9999 xx 000 0 und d
100
_a
Krom,kowski, A.
245
_a
Race and Ethics realtions 03/04
942
_c
BK
999
_c
27656
_d
27656